Se trata de la capacidad : (Registro nro. 13224)

Detalles MARC
000 -LEADER
fixed length control field 00624nam a2200181 4500
003 - CONTROL NUMBER IDENTIFIER
control field DO-SdBNP
005 - DATE AND TIME OF LATEST TRANSACTION
control field 20171130115656.0
008 - FIXED-LENGTH DATA ELEMENTS--GENERAL INFORMATION
fixed length control field 171130b 2008 xxu |||| 00| 0 spa d
020 ## - INTERNATIONAL STANDARD BOOK NUMBER
International Standard Book Number 9789280643039
040 ## - CATALOGING SOURCE
Original cataloging agency DO-SdBNP
Language of cataloging spa
Transcribing agency DO-SdBNP
110 ## - MAIN ENTRY--CORPORATE NAME
Corporate name or jurisdiction name as entry element unicef
245 ## - TITLE STATEMENT
Title Se trata de la capacidad :
Remainder of title una explicación de la convención sobre los derechos de las personas con discapacid
260 ## - PUBLICATION, DISTRIBUTION, ETC. (IMPRINT)
Place of publication, distribution, etc. New York,
Name of publisher, distributor, etc. Fondo de las Naciones Unidas para la Infancia,
Date of publication, distribution, etc. 2008
300 ## - PHYSICAL DESCRIPTION
Extent 21 p. :
Other physical details ils. ;
Dimensions 21 cm.
942 ## - ADDED ENTRY ELEMENTS (KOHA)
Source of classification or shelving scheme Dewey Decimal Classification
Koha item type Libros
945 ## - LOCAL PROCESSING INFORMATION (OCLC)
a Inventariado extranjero / 2017 VM
956 ## - LOCAL ELECTRONIC LOCATION AND ACCESS (OCLC)
Host name VMATEO
Access number 10
Compression information 20171201
Path BPMSU
Electronic name 0069
Existencias
Withdrawn status Lost status Source of classification or shelving scheme Damaged status Not for loan Collection code Home library Current library Date acquired Total Checkouts Barcode Date last seen Price effective from Koha item type
    Dewey Decimal Classification     Colección General Biblioteca Pública Metropolitana Salomé Ureña Biblioteca Pública Metropolitana Salomé Ureña 11/30/2017   BPMSU17110553 11/30/2017 11/30/2017 Libros